000 01004aam a2200349 i 4500
001 768714001
003 CO-MdFUSB
005 20251015162827.0
007 ta
008 251015b |||||||| |||| 00| 0 eng d
020 _a0-8254-1880-1
040 _cCO-MdFUSB
041 0 _aspa
_heng
082 0 4 _223
_a251.02
_bW8732
240 _aRevival sermons outlines
245 1 0 _aBosquejos de sermones de avivamiento
_c/ recopilado por Charles R. Wood ; traducido por Santiago Escuain
250 _aoctava edición
264 1 _bPortavoz,
_aGrand Rapids, MI. :
_c[1990]
264 4 _c©1990
300 _a64 páginas
336 _atexto
_btxt
_2rdacontent
337 _2rdamedia
_asin mediación
_bn
338 _2rdacarrier
_avolumen
_bnc
563 _aRústico
650 7 _aSermones
_9283
653 _aBosquejos
653 _aAvivamiento
700 _aWood, Charles R.,
_911991
_erecopilador
700 _aEscuain, Santiago.
_92132
_etraductor
942 _cBK
945 _aJTF-925
999 _c42788
_d42788